|
|
|
|
| LEADER |
00000nam0a2200000 4500 |
| 001 |
117967 |
| 005 |
20231101215434.0 |
| 035 |
|
|
|a (RuTPU)RU\TPU\book\127679
|
| 090 |
|
|
|a 117967
|
| 100 |
|
|
|a 20070607d1977 m y0rusy50 ca
|
| 101 |
0 |
|
|a rus
|a eng
|
| 102 |
|
|
|a RU
|
| 105 |
|
|
|a f z 001zy
|
| 200 |
1 |
|
|a Врубель
|a Vrubel
|f сост. С. Г. Капланова
|
| 205 |
|
|
|a 2-е изд.
|
| 210 |
|
|
|a Ленинград
|c Аврора
|d 1977
|
| 215 |
|
|
|a 214 с.
|c ил.
|
| 225 |
1 |
|
|a Русские художники
|
| 320 |
|
|
|a Библиогр.: с. 214.
|
| 600 |
|
1 |
|a Врубель
|b М. А.
|c русский живописец
|f 1856-1910
|g Михаил Александрович
|2 stltpush
|3 (RuTPU)RU\TPU\pers\10469
|9 2226
|
| 610 |
1 |
|
|a русская живопись
|
| 675 |
|
|
|a 75(092)
|v 3
|
| 702 |
|
1 |
|a Капланова
|b С. Г.
|g Софья Газаросовна
|4 220
|
| 801 |
|
1 |
|a RU
|b 63413507
|c 20070607
|g PSBO
|
| 801 |
|
2 |
|a RU
|b 63413507
|c 20070607
|g PSBO
|
| 942 |
|
|
|c BK
|